| 000 | 00984nam a22002177a 4500 | ||
|---|---|---|---|
| 999 |
_c61264 _d61264 |
||
| 005 | 20240117151215.0 | ||
| 008 | 240117s2021 enk||||| |||| 00| 0 eng d | ||
| 020 | _a9789811513480 | ||
| 041 | _aeng | ||
| 080 | _a611.31 O-68 | ||
| 245 |
_aOral and Maxillofacial Surgery for the Clinician : _bVolume 1 / _cEditors : Krishnamurthy Bonanthaya, Elavenil Panneerselvam, Suvy Manuel, Vinay V. Kumar, Anshul Rai. |
||
| 264 |
_aGateway East : _bSpringer, _c2021. |
||
| 300 |
_a935 p. : _bill.; _c28 cm. |
||
| 653 | _aპირის ღრუს და ყბა-სახის ქირურგია | ||
| 700 |
_aBonanthaya, Krishnamurthy _eრედაქტორი _921060 |
||
| 700 |
_aPanneerselvam, Elavenil _eრედაქტორი _921061 |
||
| 700 |
_aManuel, Suvy _eრედაქტორი _921062 |
||
| 700 |
_aKumar, Vinay V. _eრედაქტორი _921063 |
||
| 700 |
_aRai, Anshul _eრედაქტორი _921064 |
||
| 942 |
_2udc _cᲬᲘᲒᲜᲘ |
||